000 00512nam a2200205Ia 4500
003 0100
008 130303s9999 xx 000 0 und d
040 _cARRUPELIB
050 _aBX3701.C1 1983
100 _aThe Society of Jesus
245 _aGC 33 SJ
245 _bDocuments of the 33rd General Congregation of the Society of Jesus
260 _aAnand
260 _bGujarat Shaitya Prakash
260 _C1984
300 _a142p.
300 _b 21 cm
650 _bPhilosophy--History
942 0 0 _02
999 _c23901
_d23901